=LDR 00000nam 2200000 4500 =001 INLIS000000000022894 =005 20130612121615 =008 ***********************************Ind** =035 ##$$0010-061300000022894 =041 ##$$a Ind =082 ##$$a 633.88 =090 ##$$a 633.88, Har-m =100 ##$$a Harmanto, Ning =245 ##$$a Menaklukan penyakit bersama mahkota dewa, Ning Harmanto ; Penyunting, Tanudi =260 ##$$a 2003 $b Jakarta =300 ##$$a viii, 144 hlm., ilus., 23 cm =650 ##$$a Tanaman obat =850 ##$$a NBPNMAT